عبر أبناء الزمان : (رقم التسجيلة. 35413)
[ عرض عادي ]
| 000 -LEADER | |
|---|---|
| fixed length control field | 00625nam a22001937a 4500 |
| 005 - DATE AND TIME OF LATEST TRANSACTION | |
| control field | 20251108165935.0 |
| 008 - FIXED-LENGTH DATA ELEMENTS--GENERAL INFORMATION | |
| fixed length control field | 250721s1995 xx 000 0 ara d |
| 082 14 - DEWEY DECIMAL CLASSIFICATION NUMBER | |
| Classification number | 891.7/كري |
| 100 1# - MAIN ENTRY--PERSONAL NAME | |
| Personal name | كريلوف، ايفان |
| 245 10 - TITLE STATEMENT | |
| Title | عبر أبناء الزمان : |
| Remainder of title | من الأدب الروسي / |
| 264 1# - PRODUCTION, PUBLICATION, DISTRIBUTION, MANUFACTURE, AND COPYRIGHT NOTICE | |
| Place of production, publication, distribution, manufacture | بيروت : |
| Name of producer, publisher, distributor, manufacturer | دار المواسم، |
| Date of production, publication, distribution, manufacture, or copyright notice | 1995. |
| 300 ## - PHYSICAL DESCRIPTION | |
| Extent | 191ص. |
| 490 0# - SERIES STATEMENT | |
| Series statement | الأمثال و الحكم في آداب الشعوب و الأمم ؛5 |
| 650 17 - SUBJECT ADDED ENTRY--TOPICAL TERM | |
| Topical term or geographic name as entry element | الشعر |
| 650 17 - SUBJECT ADDED ENTRY--TOPICAL TERM | |
| Topical term or geographic name as entry element | الأدب الروسي |
| 700 1# - ADDED ENTRY--PERSONAL NAME | |
| Personal name | عاصي، حسن |
| Relator term | تحقيق |
| 942 ## - ADDED ENTRY ELEMENTS (KOHA) | |
| Source of classification or shelving scheme | Dewey Decimal Classification |
| Koha item type | مراجع |
| حالة السحب | حالة الفقدان | مصدر التصنيف | حالة التلف | غير قابل للإعارة | المكتبة الرئيسية | المكتبة الحالية | موقع الرف | تاريخ التزويد | الرقم المتسلسل | Total Checkouts | رقم الإستدعاء | الباركود | تاريخ آخر ظهور | تاريخ الفاتورة | نوع المادة (كوها) |
|---|---|---|---|---|---|---|---|---|---|---|---|---|---|---|---|
| Dewey Decimal Classification | المكتبة المركزية | المكتبة المركزية | الإعارة | 06/07/2004 | 470258 | 891.7/كري | 470258 | 28/07/2025 | 06/07/2004 | مراجع | |||||
| Dewey Decimal Classification | مكتبة الأميرة ايمان العامة | مكتبة الأميرة ايمان العامة | الإعارة | 10/10/2013 | [11299] | 891.7/كري | PLD00283124 | 28/07/2025 | 10/10/2013 | مراجع | |||||
| Dewey Decimal Classification | Not For Loan | مكتبة الجويدة | مكتبة الجويدة | الإعارة | 15/06/2015 | [6969] | 891.7/كري | PLD00331502 | 28/07/2025 | 15/06/2015 | مراجع | ||||
| Dewey Decimal Classification | Not For Loan | مكتبة حمزة العامة | مكتبة حمزة العامة | مراجع | 10/11/2015 | [6631].... | 891.7/كري | PLD00363344 | 28/07/2025 | 10/11/2015 | مراجع | ||||
| Dewey Decimal Classification | Not For Loan | مكتبة وادي السير العامة | مكتبة وادي السير العامة | مراجع | 08/02/2016 | [7919].. | 891.7/كري | PLD00372315 | 28/07/2025 | 08/02/2016 | مراجع |